| 000 | 00681cab a2200241 4500 | ||
|---|---|---|---|
| 001 | WB3209-12 | ||
| 008 | 090401t1996 xxu||||| |||| 00| 0 eng d | ||
| 035 | _a(Sirsi) u40182 | ||
| 041 | _aeng | ||
| 245 | _aLocal shops at petrol stations | ||
| 260 | _c1996 | ||
| 350 | _a0 | ||
| 490 |
_aGuardian _v29 February 1996, 18(1) |
||
| 520 | _aResearch into the future of local shops sees many becoming outlets on petrol station forecourts. | ||
| 650 | _aLOCAL SHOPS | ||
| 650 | _aPETROL STATION FORECOURTS | ||
| 650 | _aPETROL STATIONS | ||
| 650 | _aRETAILING | ||
| 650 | _aVERDICT RESEARCH | ||
| 690 | _aPROPERTY-COMMERCIAL PROPERTY | ||
| 942 | _n0 | ||
| 948 | _c04/03/1997 | ||
| 999 |
_c25741 _d25741 |
||